Loading...
| Ancient History and Archaeology | 3 | 6.67 | 0% | 67% | 67% |
| Beliefs | 4 | 7.50 | 100% | 50% | 50% |
| British and Commonwealth History | 2 | 10.00 | 0% | 200% | 0% |
| Fine Arts - Auditory | 1 | 20.00 | 400% | 200% | 0% |
| Fine Arts - Visual | 2 | 5.00 | 0% | 100% | 0% |
| Geography | 1 | 10.00 | 400% | 0% | 0% |
| History - American | 3 | 13.33 | 0% | 200% | 67% |
| History - European | 2 | 10.00 | 400% | 0% | 0% |
| History - World | 3 | 10.00 | 300% | 0% | 0% |
| Literature - American | 3 | 10.00 | 0% | 133% | 67% |
| Literature - British | 4 | 15.00 | 300% | 50% | 100% |
| Literature - European | 4 | 10.00 | 100% | 50% | 100% |
| Other Academic | 1 | 20.00 | 0% | 200% | 200% |
| Other Arts: Auditory | 2 | 10.00 | 200% | 0% | 50% |
| Other Arts: Visual | 1 | 10.00 | 0% | 200% | 0% |
| Other Science: Astronomy | 1 | 20.00 | 400% | 200% | 0% |
| Other Science: Computer Science | 1 | 30.00 | 400% | 200% | 200% |
| Other Science: Earth Science | 1 | 20.00 | 400% | 200% | 0% |
| Other Science: Math | 1 | 10.00 | 0% | 200% | 0% |
| Philosophy | 2 | 15.00 | 50% | 100% | 100% |
| Science - Biology | 4 | 7.50 | 25% | 50% | 50% |
| Science - Chemistry | 1 | 20.00 | 400% | 200% | 0% |
| Science - Physics | 1 | 10.00 | 0% | 200% | 0% |
| Social Science | 4 | 7.50 | 100% | 50% | 50% |
| World and Other Literature | 2 | 15.00 | 200% | 0% | 200% |